=LDR 00000nam 2200000 4500 =001 INLIS000000000009563 =005 20200309062127 =035 ##$$a 0010-061300000009563 =008 200309################g##########0#ind## =041 ##$$a Ind =082 ##$$a 158.1 =090 ##$$a 158.1, Ros g =100 ##$$a Rose, La =245 1#$$a Pengembangan Pesona Pribadi /$c La Rose =260 ##$$a (s.n) :$b Pustaka Kartini,$c 1998 =300 ##$$a 190 hlm, ; $c 20 x 15 cm. =650 #4$$a Etika - Pribadi =850 ##$$a NBPNMAT =020 ##$$a 979-454-073-0 =084 ##$$a 158.1 Ros p =990 ##$$a DW00029283 =990 ##$$a DW00029284 =990 ##$$a DW00029285 =990 ##$$a DW00029286 =990 ##$$a DW00029287